<?xml version="1.0" encoding="UTF-8"?><?xml-stylesheet type="text/xsl" href="static/style.xsl"?><OAI-PMH xmlns="http://www.openarchives.org/OAI/2.0/" xmlns:xsi="http://www.w3.org/2001/XMLSchema-instance" xsi:schemaLocation="http://www.openarchives.org/OAI/2.0/ http://www.openarchives.org/OAI/2.0/OAI-PMH.xsd"><responseDate>2026-04-14T02:22:53Z</responseDate><request verb="GetRecord" identifier="oai:www.recercat.cat:10256/25022" metadataPrefix="marc">https://recercat.cat/oai/request</request><GetRecord><record><header><identifier>oai:recercat.cat:10256/25022</identifier><datestamp>2024-10-29T23:10:30Z</datestamp><setSpec>com_2072_452955</setSpec><setSpec>com_2072_2054</setSpec><setSpec>col_2072_453064</setSpec></header><metadata><record xmlns="http://www.loc.gov/MARC21/slim" xmlns:dcterms="http://purl.org/dc/terms/" xmlns:xsi="http://www.w3.org/2001/XMLSchema-instance" xmlns:doc="http://www.lyncode.com/xoai" xsi:schemaLocation="http://www.loc.gov/MARC21/slim http://www.loc.gov/standards/marcxml/schema/MARC21slim.xsd">
   <leader>00925njm 22002777a 4500</leader>
   <datafield ind2=" " ind1=" " tag="042">
      <subfield code="a">dc</subfield>
   </datafield>
   <datafield ind2=" " ind1=" " tag="720">
      <subfield code="a">Pavón Lucero, Ma. Victoria</subfield>
      <subfield code="e">author</subfield>
   </datafield>
   <datafield ind2=" " ind1=" " tag="720">
      <subfield code="a">Suñer Gratacós, Avel·lina</subfield>
      <subfield code="e">author</subfield>
   </datafield>
   <datafield ind2=" " ind1=" " tag="260">
      <subfield code="c">2017-12-13</subfield>
   </datafield>
   <datafield ind2=" " ind1=" " tag="520">
      <subfield code="a">In this paper, we analyse the characteristics of the adverbial subordinated sentences with a locative meaning which are introduced by Spanish particles según and conforme (El baño está {según/ conforme} bajas la escalera, “The bathroom is just as you get down the stairs”). We argue that the spatial interpretation of these sentences is compositionally built by adding the relational meaning of the particle to two features of its sentential complement: genericity (articulated through an unspecific subject and an imperfective verbal tense) and the presence of a verb of inherently directed motion (which encodes path value characteristic of these constructions)</subfield>
   </datafield>
   <datafield ind2=" " ind1=" " tag="520">
      <subfield code="a">En este trabajo se analizan las propiedades de las subordinadas con interpretación locativa introducidas por las partículas según y conforme (El baño está {según/conforme} bajas la escalera). Argumentamos que la interpretación locativa se construye composicionalmente a partir de la suma del significado relacional de la partícula y dos propiedades de su complemento oracional: la genericidad (expresada por el sujeto inespecífico y el tiempo verbal imperfectivo) y la presencia de un verbo de dirección inherente, que codifica el valor de trayectoria característico de estas construcciones</subfield>
   </datafield>
   <datafield ind1="8" ind2=" " tag="024">
      <subfield code="a">http://hdl.handle.net/10256/25022</subfield>
   </datafield>
   <datafield tag="653" ind2=" " ind1=" ">
      <subfield code="a">Gramàtica comparada i genera l-- Subordinació</subfield>
   </datafield>
   <datafield tag="653" ind2=" " ind1=" ">
      <subfield code="a">Grammar, Comparative and general -- Subordinate constructions</subfield>
   </datafield>
   <datafield ind2="0" ind1="0" tag="245">
      <subfield code="a">Usos locativos de según y conforme</subfield>
   </datafield>
</record></metadata></record></GetRecord></OAI-PMH>